| 000 | 00664nam a2200205 i 4500 | ||
|---|---|---|---|
| 001 | 133083 | ||
| 003 | ES-MaACL | ||
| 005 | 20230906194324.0 | ||
| 007 | t| | ||
| 008 | 070214s1971 sp r ||||1| spa d | ||
| 100 | 1 |
_aRossi, Filippo. _999870 |
|
| 245 | 1 | 4 |
_aLos tesoros del arte de los Uffizi y Pitti, Florencia / _ctexto de Filippo Rossi ; versión de Jaime Berenguer Amenós. |
| 250 | _a1ª. ed. | ||
| 260 |
_aBarcelona : _bVergara, _c1971. |
||
| 300 |
_a43 p., 113 lám. ; _c33 cm. |
||
| 610 | 2 | 4 |
_aGalleria degli Uffizi. _9145217 |
| 610 | 2 | 4 |
_aPalazzo Pitti. _9159996 |
| 700 | 1 |
_aBerenguer Amenós, Jaime. _927893 |
|
| 852 |
_aES-MaACL _jC-40907 _bR.80278 |
||
| 999 |
_c133083 _d133083 |
||